000 00547nam a2200181Ia 4500
999 _c14247
_d14247
003 OSt
005 20201022131727.0
008 190216s9999||||xx |||||||||||||| ||und||
020 _a8128808044
040 _coclc
082 _a954.052092
_bBHA/S
100 _aBhanot, Arun
_96072
245 0 _aSonia Gandhi A Biography /
_cArun Bhanot ; Suraj Prasad Verma ; Mahesh Sharma
260 _bDiamond Books,
_aNew Delhi:
_c2004.
300 _a158p
650 _aEnglish
942 _cBK
_2ddc
_h954.052092
_iBHA/S
_k954.052092
_mBHA/S